Normal view MARC view

Entry Topical Term

Number of records used in: 2

001 - CONTROL NUMBER

  • control field: 43290

003 - CONTROL NUMBER IDENTIFIER

  • control field: dpl

005 - DATE AND TIME OF LATEST TRANSACTION

  • control field: 20120301170457.0

008 - FIXED-LENGTH DATA ELEMENTS

  • fixed length control field: 120301|||a|||||| | ||| d

040 ## - CATALOGING SOURCE

  • Original cataloging agency: dpl
  • Transcribing agency: dpl

150 ## - HEADING--TOPICAL TERM

  • Topical term or geographic name as entry element: Spices
  • General subdivision: History
  • Chronological subdivision: To 1500.

670 ## - SOURCE DATA FOUND

  • Source citation: Work cat.: (dpl)27811: Freedman, Paul 43289, Out of the east:, 2009

670 ## - SOURCE DATA FOUND

  • Source citation: Work cat.: (dpl)27811: Freedman, Paul 43289, Out of the east:, 2009

© Delhi Public Library
Hit Counter
free hit counter